| 000 | 00974nam a22002897a 4500 | ||
|---|---|---|---|
| 001 | BR2013009032 | ||
| 003 | BR-BrBNA | ||
| 005 | 20230928104314.0 | ||
| 007 | ta | ||
| 008 | 230509b bl.||||| |||| 00| 0 por d | ||
| 040 |
_aBR-BrBNA _bpor _cBiblioteca Nacional de Agricultura |
||
| 041 | _a(Por) | ||
| 072 | _aD50; M01 | ||
| 090 | _ D50 BR2013009032 | ||
| 100 | 1 | _aLima, R.C. (ed.) | |
| 100 | 1 | _aSilva, A.A. (ed.) | |
| 100 | 1 | _aAguiar, P.R.M. de (org.) | |
| 110 | 1 |
_aSenado Federal, Brasília, DF (Brasil). Secretaria Especial de Editoração e Publicações _99274 |
|
| 245 | 1 | _aLegislação pesqueira: dispositivos constitucionais pertinentes, normas e regulamentos federais, convenção nº 126, da OIT, índices de assuntos e entidades, glossário | |
| 260 | 3 |
_aBrasília, DF (Brasil): _c2009. |
|
| 300 | _a100 p. | ||
| 500 | _aGlossary p. 99-100 | ||
| 650 | _aLEGISLAÇÃO | ||
| 650 | _aPESCA | ||
| 909 |
_a202309 _bLucia _c55 _dLucia Elande |
||
| 942 | _cBK | ||
| 999 |
_c79203 _d79203 |
||